| 000 | 00467nam a22001697a 4500 | ||
|---|---|---|---|
| 005 | 20230821115617.0 | ||
| 008 | 230818b |||||||| |||| 00| 0 eng d | ||
| 020 | _a978-93-89859-57-7 | ||
| 041 | _aeng | ||
| 082 | _a611.018 KAL-D | ||
| 100 |
_aKALTHUR, SNEHA AND LC, PRASANNA _98142 |
||
| 245 | _aDEFIORE'S ATLAS OF HISTOLOGY : WITH FUNCTIONAL CORRELATION | ||
| 260 |
_aPHILADELPHIA _bWOLTERS KLUWER _c2022 |
||
| 300 | _a712;p | ||
| 650 |
_aBPT _98143 |
||
| 942 | _cBK | ||
| 999 |
_c8402 _d8400 |
||